000 00671cam a22002294a 4500
001 13363833
003 ARRUPE
005 20131127165549.0
008 031006s2002 iv 000 1 fre
010 _a 2003371195
020 _a2913942385
040 _aDLC
_cDLC
042 _apcc
050 0 0 _aPR9371.9O79
_bT7 2002
100 1 _aOulaté, Maurice,
_d1932-
_94310
245 1 3 _aLe triomphe du peuple /
_cMaurice Oulaté.
260 _aAbidjan :
_bEdilis,
_cc2002.
300 _a105 p. ;
_c19 cm.
906 _a7
_bcbc
_corignew
_d3
_encip
_f20
_gy-gencatlg
942 _2lcc
_cMONOGRAPH
999 _c118817
_d118817